<?xml version="1.0" encoding="UTF-8"?>
<record
    xmlns:xsi="http://www.w3.org/2001/XMLSchema-instance"
    xsi:schemaLocation="http://www.loc.gov/MARC21/slim http://www.loc.gov/standards/marcxml/schema/MARC21slim.xsd"
    xmlns="http://www.loc.gov/MARC21/slim">

  <leader>01807cam a2200277 a 4500</leader>
  <controlfield tag="003">CO-ViMGA</controlfield>
  <controlfield tag="008">140901s2012    mx      r     000 0cspa d</controlfield>
  <datafield tag="020" ind1=" " ind2=" ">
    <subfield code="a">6071118999</subfield>
  </datafield>
  <datafield tag="020" ind1=" " ind2=" ">
    <subfield code="a">9786071118998</subfield>
  </datafield>
  <datafield tag="040" ind1=" " ind2=" ">
    <subfield code="a">CO-ViMGA</subfield>
    <subfield code="b">spa</subfield>
    <subfield code="c">CO-ViMGA</subfield>
  </datafield>
  <datafield tag="082" ind1="0" ind2="4">
    <subfield code="a">923.3 R44R</subfield>
    <subfield code="b">R44R</subfield>
    <subfield code="2">21</subfield>
  </datafield>
  <datafield tag="100" ind1="1" ind2=" ">
    <subfield code="a">Rigby, Rhymer</subfield>
    <subfield code="9">12749</subfield>
  </datafield>
  <datafield tag="240" ind1="1" ind2="0">
    <subfield code="a">28 business thinkers who changed the world : the management gurus and mavericks who changed the way we think about business</subfield>
    <subfield code="l">Espa&#xF1;ol</subfield>
  </datafield>
  <datafield tag="245" ind1="1" ind2="0">
    <subfield code="a">28 L&#xED;deres de negocios que cambiaron al mundo</subfield>
    <subfield code="b">gur&#xFA;s empresariales que rompieron las reglas del juego y revolucionaron la forma de hacer negocios</subfield>
    <subfield code="c">Rhymer Rigby ; traducci&#xF3;n al espa&#xF1;ol Alejandra Ramos</subfield>
  </datafield>
  <datafield tag="246" ind1="3" ind2=" ">
    <subfield code="a">Veintiocho l&#xED;deres de negocios que cambiaron al mundo</subfield>
  </datafield>
  <datafield tag="250" ind1=" " ind2=" ">
    <subfield code="a">1a ed.</subfield>
  </datafield>
  <datafield tag="260" ind1=" " ind2=" ">
    <subfield code="a">M&#xE9;xico</subfield>
    <subfield code="b">Santillana Ediciones Generales</subfield>
    <subfield code="b">Distribuidora y Editora Aguilar, Altea, Taurus, Alfaguara</subfield>
    <subfield code="c">2012.</subfield>
  </datafield>
  <datafield tag="300" ind1=" " ind2=" ">
    <subfield code="a">271 p.</subfield>
    <subfield code="c">24 cm.</subfield>
  </datafield>
  <datafield tag="505" ind1="0" ind2=" ">
    <subfield code="t">Steve Jobs. --</subfield>
    <subfield code="t">Richard Branson. --</subfield>
    <subfield code="t">Warren Buffett. --</subfield>
    <subfield code="t">Jeff Bezos. --</subfield>
    <subfield code="g">El</subfield>
    <subfield code="t">d&#xFA;o Google (Sergey Brin y Larry Page). --</subfield>
    <subfield code="t">Sir Tim Berners-Lee. --</subfield>
    <subfield code="t">Anita Roddick. --</subfield>
    <subfield code="t">Ray Kroc. --</subfield>
    <subfield code="t">Rupert Murdoch. --</subfield>
    <subfield code="t">Peter Drucker. --</subfield>
    <subfield code="t">Ingvar Kamprad. --</subfield>
    <subfield code="t">Oprah. --</subfield>
    <subfield code="t">Sam Walton. --</subfield>
    <subfield code="t">Mary Kay Ash. --</subfield>
    <subfield code="t">Bill Gates. --</subfield>
    <subfield code="t">David Ogilvy. --</subfield>
    <subfield code="t">Meg Whitman. --</subfield>
    <subfield code="t">Mark Zuckerberg. --</subfield>
    <subfield code="t">Howard Schultz. --</subfield>
    <subfield code="t">Jack Welch. --</subfield>
    <subfield code="t">Michael Dell. --</subfield>
    <subfield code="t">&#xA1;Tom Peters!. --</subfield>
    <subfield code="t">Ricardo Semler. --</subfield>
    <subfield code="t">Herb Kelleher. --</subfield>
    <subfield code="t">Andy Grove. --</subfield>
    <subfield code="t">Roman Abramovich. --</subfield>
    <subfield code="t">George Soros. --</subfield>
    <subfield code="t">Akio Morita.</subfield>
  </datafield>
  <datafield tag="534" ind1=" " ind2=" ">
    <subfield code="t">28 business thinkers who changed the world : the management gurus and mavericks who changed the way we think about business.</subfield>
  </datafield>
  <datafield tag="650" ind1="1" ind2="4">
    <subfield code="a">Empresarios industriales</subfield>
    <subfield code="v">Biograf&#xED;as</subfield>
    <subfield code="9">12750</subfield>
  </datafield>
  <datafield tag="650" ind1="2" ind2="4">
    <subfield code="a">Administraci&#xF3;n</subfield>
    <subfield code="9">12402</subfield>
  </datafield>
  <datafield tag="650" ind1="2" ind2="4">
    <subfield code="a">Negocios</subfield>
    <subfield code="9">12267</subfield>
  </datafield>
  <datafield tag="700" ind1="1" ind2=" ">
    <subfield code="a">Ramos, Alejandra</subfield>
    <subfield code="e">Tr.</subfield>
    <subfield code="9">12751</subfield>
  </datafield>
  <datafield tag="942" ind1=" " ind2=" ">
    <subfield code="2">ddc</subfield>
  </datafield>
  <datafield tag="999" ind1=" " ind2=" ">
    <subfield code="c">12020</subfield>
    <subfield code="d">12020</subfield>
  </datafield>
  <datafield tag="952" ind1=" " ind2=" ">
    <subfield code="0">0</subfield>
    <subfield code="1">0</subfield>
    <subfield code="2">ddc</subfield>
    <subfield code="4">0</subfield>
    <subfield code="7">0</subfield>
    <subfield code="8">003</subfield>
    <subfield code="a">MEVIECAR</subfield>
    <subfield code="b">MEVIECAR</subfield>
    <subfield code="d">2015-12-02</subfield>
    <subfield code="l">3</subfield>
    <subfield code="m">1</subfield>
    <subfield code="o">923.3 R44R</subfield>
    <subfield code="p">29017</subfield>
    <subfield code="r">2019-05-20 00:00:00</subfield>
    <subfield code="s">2018-05-16</subfield>
    <subfield code="t">Ej. 1</subfield>
    <subfield code="w">2015-12-02</subfield>
    <subfield code="y">BK</subfield>
  </datafield>
</record>
